| 000 | 00670nam a2200253Ia 4500 | ||
|---|---|---|---|
| 001 | 43231 | ||
| 005 | 20230410105118.0 | ||
| 008 | 020417s1994 ht ac 000 0 fre d | ||
| 035 | _a(OCoLC)ocm49606103 | ||
| 040 |
_aZQP _cZQP |
||
| 020 | _c$6.00 | ||
| 035 | _a(OCoLC)49606103 | ||
| 082 | 0 | 4 |
_a841.914 _221 |
| 050 | 1 | 4 | _aCEH |
| 100 | 1 | _aMarcelin, Joseph Prenel. | |
| 245 | 1 | 4 |
_aLes premiers maux / _c[par Joseph Prenel Marcelin]. |
| 260 |
_a[Haiti?] : _bJ. Marcelin, _cc1994. |
||
| 300 |
_a58 p. : _bill., port. ; _c21 cm. |
||
| 546 | _aIn French. | ||
| 500 | _aAuthor name from cover. | ||
| 650 | 0 | _aHaitian poetry. | |
| 942 |
_2lcc _cbk |
||
| 994 |
_aC0 _bDRFGD |
||
| 999 |
_c30303 _d30303 |
||